Loading...
| Current Events | 1 | 20.00 | 0% | 600% | 600% |
| Fine Arts - Auditory | 4 | 20.00 | 1,750% | 200% | 425% |
| Fine Arts - Other | 4 | 10.00 | 900% | 125% | 300% |
| Fine Arts - Visual | 4 | 15.00 | 1,250% | 275% | 250% |
| Geography | 1 | 0.00 | 0% | 0% | 0% |
| History - American | 4 | 12.50 | 900% | 200% | 225% |
| History - European | 4 | 10.00 | 1,250% | 275% | 0% |
| History - Other | 4 | 12.50 | 625% | 275% | 275% |
| History - World | 5 | 14.00 | 1,000% | 320% | 220% |
| Literature - American | 2 | 20.00 | 1,800% | 300% | 600% |
| Literature - British | 4 | 17.50 | 1,250% | 250% | 375% |
| Literature - European | 1 | 10.00 | 2,500% | 0% | 0% |
| Literature - World | 4 | 15.00 | 625% | 250% | 400% |
| Mythology | 3 | 13.33 | 2,333% | 0% | 200% |
| Other Academic | 1 | 10.00 | 0% | 0% | 600% |
| Philosophy | 2 | 10.00 | 1,250% | 0% | 300% |
| Pop Culture | 1 | 10.00 | 0% | 600% | 0% |
| Religion | 4 | 20.00 | 2,425% | 275% | 425% |
| Science - Biology | 5 | 12.00 | 1,000% | 120% | 260% |
| Science - Chemistry | 5 | 16.00 | 1,940% | 280% | 220% |
| Science - Physics | 4 | 12.50 | 1,125% | 150% | 200% |
| Social Science | 5 | 20.00 | 1,220% | 340% | 560% |